Business English and communication. (Record no. 5444)

MARC details
000 -LEADER
fixed length control field 00943cam a22002891 4500
001 - CONTROL NUMBER
control field 7489393
003 - CONTROL NUMBER IDENTIFIER
control field GBCCL
005 - DATE AND TIME OF LATEST TRANSACTION
control field 20241126110542.0
008 - FIXED-LENGTH DATA ELEMENTS--GENERAL INFORMATION
fixed length control field 740107s1961 nyua 000 0 eng
010 ## -
-- 60012779
015 ## -
-- GB61-5797
035 ## - SYSTEM CONTROL NUMBER
System control number (OCoLC)771146
040 ## - CATALOGING SOURCE
Original cataloging agency DLC
Transcribing agency OYU
Modifying agency OCoLC
-- Uk
-- DLC
042 ## -
-- premarc
050 00 -
-- HF5726
-- .S86 1961
082 ## - DEWEY DECIMAL CLASSIFICATION NUMBER
Classification number 651.742
Item number STE
100 1# - MAIN ENTRY--PERSONAL NAME
Personal name Stewart, Marie M.,
Dates associated with a name 1899-
9 (RLIN) 9790
245 10 - TITLE STATEMENT
Title Business English and communication.
250 ## - EDITION STATEMENT
Edition statement 2d ed.
Remainder of edition statement [by] Marie M. Stewart [and others]
260 ## - PUBLICATION, DISTRIBUTION, ETC.
Place of publication, distribution, etc. New York,
Name of publisher, distributor, etc. Gregg Pub. Division, McGraw-Hill
Date of publication, distribution, etc. [1961]
300 ## - PHYSICAL DESCRIPTION
Extent 564 p.
Other physical details illus.
Dimensions 22 cm.
500 ## - GENERAL NOTE
General note "Predecessor, Business English and letter writing, by Hagar, Stewart, and Hutchinson."
650 #0 - SUBJECT ADDED ENTRY--TOPICAL TERM
Topical term or geographic name entry element Commercial correspondence.
9 (RLIN) 9791
650 #0 - SUBJECT ADDED ENTRY--TOPICAL TERM
Topical term or geographic name entry element English language
General subdivision Business English.
9 (RLIN) 9792
906 ## - LOCAL DATA ELEMENT F, LDF (RLIN)
a 7
b cbc
c oclcrpl
d u
e ncip
f 19
g y-gencatlg
942 ## - ADDED ENTRY ELEMENTS (KOHA)
Source of classification or shelving scheme Dewey Decimal Classification
Koha item type Books
Holdings
Withdrawn status Lost status Source of classification or shelving scheme Damaged status Not for loan Home library Current Library Shelving location Date acquired Total checkouts Full call number Barcode Date last seen Copy number Price effective from Koha item type
    Dewey Decimal Classification     GRACE BIBLE COLLEGE GRACE BIBLE COLLEGE General Studies 2018-03-20   651.742 STE 008743 2025-05-01 c.1 2018-03-20 Books
© Grace Bible College Library 2025